000 00547nam a2200193Ia 4500
008 151119s9999||||xx |||||||||||||| ||und||
082 _a823.91
082 _bGKKV29274
100 _a"गार्डनर, अर्ल"
245 _aमखमली रहस्य
260 _a--
260 _b--
260 _c2009
600 _a"गार्डनर, अर्ल"
630 _aमखमली रहस्य
700 _a"गार्डनर, अर्ल"
730 _aमखमली रहस्य
942 _cBOOK
999 _c1081637
_d1081634